Meet Me in the Hallway - Harry Styles (All Lyrics) - Statistics

General Stats
  • This quiz has been taken 52 times
  • The average score is 177 of 198
Answer Stats
Lyrics % Correct
be
100%
do?
100%
do
100%
hallway
100%
I
100%
in
100%
me
100%
meet
100%
the
100%
better,
97%
better
97%
door,
97%
door
97%
just
97%
know
97%
let
97%
get
95%
go
95%
gotta
95%
i'll
95%
some
95%
give
92%
(give
92%
it
92%
more
92%
more)
92%
out
92%
we
92%
you
92%
floor,
89%
floor
89%
left
89%
on
89%
work
89%
around
86%
bedroom
86%
come
86%
maybe
86%
to
86%
we'll
86%
you'll
86%
at
84%
hoping
84%
is
84%
and
81%
any
81%
morphine
78%
your
78%
there
76%
'cause
65%
all
62%
don't
62%
about
59%
it's
59%
talk
59%
day
57%
something
57%
take
57%
with
54%
away
51%
pain
51%
will
51%
nothing
49%
streets
49%
walked
46%
without
46%
else
43%
once
43%
running
43%
thieves
35%
No matching quizzes found
Score Distribution
Percent of People with Each Score
Percentile by Number Answered
Your Score History
You have not taken this quiz